| 000 | 00599cam a22002171a 4500 | ||
|---|---|---|---|
| 001 | sa 68017163 | ||
| 003 | DLC | ||
| 005 | 20260227112700.0 | ||
| 008 | 830406s1966 io a 000 1 jav | ||
| 010 | _asa 68017163 | ||
| 035 | _a(OCoLC)9381017 | ||
| 040 |
_aDLC _cOAU _dOAU _dDLC |
||
| 042 | _apremarc | ||
| 050 | 0 | 0 |
_aPL5179.S7 _bG3 |
| 100 | 0 | _aSri Hadidjojo. | |
| 245 | 1 | 0 |
_aGara-gara tanggul djebol / _ckarjane Sri Hadidjojo ; gambar Jono S. Wijono. |
| 250 | _a[Tjap. 1]. | ||
| 260 |
_aSala : _bKartika, _c1966. |
||
| 300 |
_a39 p. : _bill. ; _c15 cm. |
||
| 440 | 0 |
_aSeri puspita rinontje ; _v2 |
|
| 999 |
_c87553 _d87553 |
||